[Event "Blumenau STD op"]
[Site "Blumenau"]
[Date "2018.09.28"]
[Round "1"]
[White "Feller, Isadora Cristina Vi"]
[Black "Almeida, Heidy Jose Moreira"]
[Result "0-1"]
[WhiteElo "1183"]
[BlackElo "1878"]
[PlyCount "76"]
[EventDate "2018.09.28"]
[EventType "swiss"]
[EventRounds "6"]
[EventCountry "BRA"]
[SourceTitle "EXT 2020"]
[Source "ChessBase"]
[SourceDate "2019.10.17"]
[SourceVersion "1"]
[SourceVersionDate "2019.10.17"]
[SourceQuality "1"]

1. e4 Nf6 2. d3 d5 3. e5 Nfd7 4. Nf3 e6 5. d4 c5 6. dxc5 Bxc5 7. Bf4 Qb6 8. Bg3 Qxb2 9. Nbd2 Nc6 10. Be2 Ncxe5 11. Nxe5 Nxe5 12. Bxe5 Qxe5 13. Nf3 Qc3+ 14. Kf1 0-0 15. g3 b6 16. Kg2 Bb7 17. Rf1 e5 18. Rb1 e4 19. Rb3 exf3+ 20. Bxf3 Qc4 21. Kg1 Rad8 22. Be2 Qe4 23. Bd3 Qe6 24. Qh5 g6 25. Qh6 Qf6 26. Be2 d4 27. Rf3 Bxf3 28. Bc4 Rd5 29. Qd2 Rh5 30. Rb1 Bd6 31. Be2 Bxe2 32. Qxe2 Re5 33. Qa6 Rfe8 34. Qf1 Bc5 35. Kh1 Qf3+ 36. Kg1 d3 37. Qc1 Qxf2+ 38. Kh1 Qf3# 0-1

[Event "Santa Catarina State-ch U20 Girls"]
[Site "Blumenau"]
[Date "2018.08.26"]
[Round "6.5"]
[White "Santana Freitas, Maria Eduarda"]
[Black "Feller, Isadora Cristina Vi"]
[Result "1-0"]
[WhiteElo "1458"]
[BlackElo "1175"]
[PlyCount "61"]
[EventDate "2018.08.24"]
[EventType "swiss"]
[EventRounds "6"]
[EventCountry "BRA"]
[SourceTitle "EXT 2022"]
[Source "ChessBase"]
[SourceDate "2021.10.06"]
[SourceVersion "1"]
[SourceVersionDate "2021.10.06"]
[SourceQuality "1"]

1. e4 e5 2. Nf3 Nc6 3. Bc4 Nf6 4. d3 h6 5. c3 Bc5 6. Bb3 d6 7. h3 0-0 8. 0-0 Bd7 9. Nbd2 Qe7 10. Nc4 b5 11. Ne3 Be6 12. Bc2 Bxe3 13. Bxe3 d5 14. b4 dxe4 15. dxe4 Rad8 16. Qc1 a5 17. Bc5 Qd7 18. Bxf8 Rxf8 19. bxa5 Nxa5 20. Nxe5 Qd6 21. Nf3 Qc5 22. Bd3 Bc4 23. Bxc4 Nxc4 24. e5 Nxe5 25. Nxe5 Qxe5 26. a4 c6 27. axb5 cxb5 28. Rb1 Rc8 29. Qb2 Rb8 30. c4 b4 31. Qxe5 1-0